01085nam a2200241 a 450000100060000000300080000600500170001400800410003103500200007204000370009204100080012908200270013710000400016424501340020426000520033830000210039050002590041165000210067065000310069165100360072270000330075870000520079145844BD-RjUL20211209054056.0160728s1946 nju 100 0 eng  a(BD-RjUL) 45962 aDLCcFNPdSERdEQOdBD-RjULbeng aeng a338.973223b PLa 1946 aAbba Ptachya Lerner; Frank D Graham00aPlanning and paying for full employment /ceditors, Abba P. Lerner and Frank D. Graham; contributors, Alfred Braunthal...[et al.] aPrinceton :bPrinceton University Press,c1946. a222 p. :c25 cm. aSymposium of papers submitted by participants in a conference called in 1944 by the American Labor Conference on International Affairs, first published in its journal, International post-war problems, October 1945 and January 1946. cf. Introductory note. 0aEconomic policy. 0aUnemployedzUnited States. 0aUnited StatesxEconomic policy.1 aLerner, Abba Ptachya,d1903-1 aGraham, Frank D.q(Frank Dunstone),d1890-1949.